000 00498nam a2200169Ia 4500
008 210719s1998 xx 000 0 und d
020 _a812031011x
041 _aeng
082 _a658.045 WESM
100 _aWESTON (J Fred);others
245 _aMergers restructuring and corporate control
260 _aND
_bPrentice-Hall of India Private Limited
_c1998
300 _a762
_bPB
365 _cRs
650 _aExecutive Management
906 _aand ; control ; corporate ; Mergers ; restructuring
999 _c213977
_d213977